Statistics for States by Percent in Largest Metro Area

Click here to take the quiz!

General Stats

  • This quiz has been taken 32 times
  • The average score is 14 of 50

Answer Stats

PercentState% Correct
100%Rhode Island
100%
73%Nevada
71%
72%New Jersey
65%
70%Hawaii
59%
68%Illinois
53%
46%Maryland
53%
62%Minnesota
47%
61%New York
47%
54%Alaska
41%
64%Massachusetts
41%
68%Arizona
35%
58%Delaware
35%
57%Georgia
35%
42%Idaho
35%
47%Oregon
35%
52%Washington
35%
14%West Virginia
35%
51%Colorado
29%
31%Indiana
29%
43%New Mexico
29%
39%Utah
29%
35%Virginia
29%
17%Wyoming
29%
40%Maine
24%
17%Montana
24%
18%Ohio
24%
35%Pennsylvania
24%
26%Texas
24%
22%Alabama
18%
33%California
18%
34%Connecticut
18%
27%Louisiana
18%
20%Mississippi
18%
43%Nebraska
18%
18%South Carolina
18%
35%Vermont
18%
28%Florida
12%
22%Iowa
12%
23%Kentucky
12%
44%Michigan
12%
35%Missouri
12%
32%New Hampshire
12%
22%North Carolina
12%
23%North Dakota
12%
31%South Dakota
12%
36%Oklahoma
6%
29%Tennessee
6%
27%Wisconsin
6%
25%Arkansas
0%
30%Kansas
0%

Score Distribution

Percentile by Number Answered

Percent of People with Each Score

Your Score History

You have not taken this quiz